Online Catalogue and eLibrary

Hindu women and the power of ideology (Record no. 780)

MARC details
000 -LEADER
fixed length control field 00441nam a2200169Ia 4500
005 - DATE AND TIME OF LATEST TRANSACTION
control field 20240715024242.0
008 - FIXED-LENGTH DATA ELEMENTS--GENERAL INFORMATION
fixed length control field 240331s9999 xx 000 0 und d
020 ## - INTERNATIONAL STANDARD BOOK NUMBER
ISBN 8170361664
082 ## - DDC Classification
Class No. 200.042
Item Number - Author Mark DHR
100 ## - MAIN ENTRY--PERSONAL NAME
Personal name Dhruvarajan, V
245 #0 - TITLE STATEMENT
Title Hindu women and the power of ideology
260 ## - PUBLICATION, DISTRIBUTION, ETC.
Place of publication, distribution, etc. New Delhi
Name of publisher, distributor, etc. Vistaar Publications
Date of publication, distribution, etc. 1989
300 ## - PHYSICAL DESCRIPTION
Extent (e.g. Volumes, Pages etc.) viii, 168 p .,
650 ## - SUBJECT ADDED ENTRY--TOPICAL TERM
Topical term or geographic name entry element Hindu Society
650 ## - SUBJECT ADDED ENTRY--TOPICAL TERM
Topical term or geographic name entry element Social psychology
942 ## - Koha item type (Biblio)
Koha item type Books in Stacks (Lending)
Holdings
Lost status Damaged status Collection code Home library Current library Shelving location Date acquired Full call number Accession Number Item type
    Lending WERC Library WERC Library Social Science Cupboard 03/31/2024 200.042 DHR 3397 Books in Stacks (Lending)

© WERC Library